The story of the Pakistan Army. (Record no. 56640)

MARC details
000 -LEADER
fixed length control field 00601cam a22002171 4500
001 - CONTROL NUMBER
control field sa 64001212
003 - CONTROL NUMBER IDENTIFIER
control field DLC
005 - DATE AND TIME OF LATEST TRANSACTION
control field 20260227112001.0
008 - FIXED-LENGTH DATA ELEMENTS--GENERAL INFORMATION
fixed length control field 761116s1963 pk a b 001 0 eng
010 ## - LIBRARY OF CONGRESS CONTROL NUMBER
LC control number sa 64001212
035 ## - SYSTEM CONTROL NUMBER
System control number (OCoLC)2561986
040 ## - CATALOGING SOURCE
Original cataloging agency DLC
Transcribing agency TxCM
Modifying agency DLC
042 ## - AUTHENTICATION CODE
Authentication code premarc
050 00 - LIBRARY OF CONGRESS CALL NUMBER
Classification number UA853.P3
Item number K46
100 1# - MAIN ENTRY--PERSONAL NAME
Personal name Khan, Fazal Muqueem.
245 14 - TITLE STATEMENT
Title The story of the Pakistan Army.
260 ## - PUBLICATION, DISTRIBUTION, ETC.
Place of publication, distribution, etc. Karachi,
Name of publisher, distributor, etc. Pakistan Branch, Oxford University Press,
Date of publication, distribution, etc. 1963.
300 ## - PHYSICAL DESCRIPTION
Extent x, 250 p.
Other physical details illus.
Dimensions 23 cm.
504 ## - BIBLIOGRAPHY, ETC. NOTE
Bibliography, etc. note Bibliography: p.[243]-245.
610 10 - SUBJECT ADDED ENTRY--CORPORATE NAME
Corporate name or jurisdiction name as entry element Pakistan.
Subordinate unit Army.

No items available.

Powered by Koha